000 01097nam a2200265Ia 4500
003 OSt
005 20220923220402.0
006 a|||||r|||| 00| 0
007 ta
008 220922b |||||||| |||| 00| 0 hin d
024 _a186,269
037 _cTextual
040 _aARTS
_cARTS
_bhin
041 _2hin
_ahin
082 _aWv2.N, 152L6;M0
100 _aअवस्थी, अगरेश्वर; अवस्थी, रामकुमार
_9164143
245 0 _aआधुनिक भारतीय सामाजिक एवं राजनीतिक चिन्तन्
246 _aĀdhunik bhāratīya sāmājik evan rājanītik chintan
260 _aदिल्ली
_b रिसर्च पब्लिकेशन
_c1988
300 _a650पृ.
_ccm.
650 _a भारतीय राजनीति
_9156264
650 _aभारतीय राजनीति
_9156264
942 _hWv2.N, 152L6;M0
_cTEXL
_2CC
999 _c339514
_d339514